MDQL
is popping MORE tags! Check the
thread
!
Quizzes
Events
Quiz Creation
Community
Videos
Private Events
Remove Ads
Sign In
Join for FREE
Feedback
Dark Mode
Quiz Categories
Sports
Geography
Music
Movies
Television
Just For Fun
Miscellaneous
History
Literature
Language
Science
Gaming
Entertainment
Religion
Holiday
For Kids
Quiz Lab
Recent
Popular Today
Quiz Kudos Today
Editor Picks
Curator Picks
Quizzes by...
Day
Popularity
Type
Ratings
Length
Year
Community
Subscriptions
Recent Discussions
Orange Saloon
Badges
Playlists
Quests
Create
Leaderboards
Showdown
Live 5
Trivia Bingo
Activity
Puzzle Library
Sporcle Events
Private Events
Virtual Trivia
Globe League
Become a Host
Pub Owners
SporcleCon
Opinionation
Our Games
Videos
Blog
Mobile Apps
Partnerships
Remove Ads and Go Orange
Feedback
Music
Pop Music
The Beatles
Song
Album
Lyrics
Bands
Singers
Artist
Clip
Rock
Rap
Classical
Billboard
Country Music
Kpop
Taylor Swift
Music
Pop Music
The Beatles
Song
Album
Lyrics
Bands
Singers
Artist
Clip
Rock
Rap
Classical
Billboard
Country Music
Kpop
Taylor Swift
Random Quiz
Search Sporcle
×
Quiz Lab
Quiz Lab
Music
Nintendo
Type in answers that appear in a list
Type in answers that appear in a list
Classic
Best Score? Go Orange.
Baroness Songs Stats
Can you name the Baroness discography?
By
dborkster
7m
30 Questions
38 Plays
38 Plays
38 Plays
Comments
Comments
Give Quiz Kudos
Give Quiz Kudos
-
- Ratings
hide this ad
Replay
Link that replays current quiz
Next Quiz
Link to next quiz in quiz playlist
You Got
0%
They Got
Avg Score
59%
Avg Friend Score
Upgrade to see
Score Distribution
Jump to the score distribution portion of the page
Score
0/30
Timer
07:00
0
Plays Today
Album
% Correct
Red Album
Isak
92.1%
Blue Record
Jake Leg
84.2%
Red Album
Rays On Pinion
81.6%
Red Album
Wanderlust
78.9%
Blue Record
Bullhead's Psalm
78.9%
Red Album
The Birthing
76.3%
Blue Record
Bullhead's Lament
76.3%
Blue Record
Steel That Sleeps The Eye
73.7%
Blue Record
A Horse Called Golgotha
73.7%
Blue Record
The Gnashing
71.1%
Red Album
Cockroach En Fleur
68.4%
Blue Record
The Sweetest Curse
68.4%
Blue Record
Swollen & Halo
68.4%
Red Album
O' Appalachia
60.5%
Red Album
Wailing Wintry Wind
57.9%
Album
% Correct
Red Album
Grad
55.3%
Blue Record
Blackpowder Orchard
55.3%
Red Album
Aleph
52.6%
Red Album
Teeth Of A Cogwheel
52.6%
Blue Record
War, Wisdom, & Rhyme
52.6%
First
Tower Falls
47.4%
Blue Record
O'er Hell and Hide
47.4%
Blue Record
Ogeechee Hymnal
44.7%
First
Coeur
42.1%
First
Rise
39.5%
Second
Red Sky
39.5%
Second
Vision
36.8%
Second
Son of Sun
36.8%
A Grey Sigh In A Flower Husk (Third)
Teiresias
34.2%
A Grey Sigh In A Flower Husk (Third)
Cavite
34.2%
Quiz Playlist
Details
Report
Send in Message
Add To Playlist
Classic:
Type in answers that appear in a list
Last Updated: Feb 16, 2017
Quiz Scoreboard
CHALLENGE
Sign Up to Join the Scoreboard
Show All
Scores
Hide
Comments
May contain spoilers
Recently Published
5x2 Blitz: Bands
by SL_Kpop136
Music
30s
Colored Red Africa Blitz
by spor1
Geography
30s
Find the 'City' Movie
by crazypaving
Movies
60s
More to Explore
Quiz From the Vault
Featured Blog Post
14 Easter Pick-up Lines to Find Eggs With
hide this ad
You Might Also Like...
Tags
Musical Quiz
Nintendo Quiz
metal
Today's Top Quizzes in Music
Browse Music
hide this ad
Today's Top Quizzes in Nintendo
Browse Nintendo
Top Contributed Quizzes in Music
1
5X2 Blitz: Bands II
2
Taylor Swift All Songs (2024)
3
Taylor Swift Logic Puzzle II
4
5X2 Blitz: The Beatles
5
5X2 Blitz: Billboard
6
Taylor Swift Logic Puzzle
7
5X2 Blitz: Billboard II
8
5X2 Blitz: Album
9
5X2 Blitz: Singers
10
Music Artist by Three 2010s hits
Explore More
Trending Topics
Marvel
Kpop
Harry Potter
Crossword
Disney
NBA
Anime
Puzzle
WWE
Pokémon
Soccer
Country
Song
The Office
NFL
hide this ad
More By:
dborkster
Quiz
Plays
Rating
Category
Featured
Created
Baroness Songs
38
Music
Jan 17, 2011
Go to Creator's Profile
Score Distribution
Quiz Creator Spotlight
dborkster
Follow
Send a Message
Quizzes Created
-
Created Quiz Play Count
-
More By This Creator
Popular Quizzes Today
1
Colored Red Africa Blitz
2
Find the 'City' Movie
3
Find the US States - No Outlines Minefield
4
5x2 Blitz: Bands
5
The Countries of the World
6
Find the US States
7
US States
8
9x9 Crossword: Cartoon Network
More Music Quizzes
Acrostic David Bowie
Quiz Lab
Trending Quizzes
Colored Red Europe Blitz I
Colored Red Europe Blitz II
Colored Red Africa Blitz II
Colored Red Europe Blitz III
Colored Red Africa Blitz III
Recently Updated
How Do You Spell That?
pecheneg
Godzilla Movies
pecheneg
Grab Bag: 4-10 Letters
pecheneg
2024 March Madness Bracket
pecheneg
Famous TV Couples
Peacemaker
Champions League XIs: Real Madrid
pecheneg
Largest US Cities 1790-2010
pecheneg
Rides in Walt Disney World
pecheneg
Most Oscar Losses (Acting)
pecheneg
Beyoncé Albums
pecheneg
Trending Topics
Harry Potter
Anime
Crossword
Disney
Kpop
NBA
Marvel
Song
WWE
NFL
The Office
Country
Puzzle
Pokémon
Soccer
Your Account Isn't Verified!
In order to create a playlist on Sporcle, you need to verify the email address you used during registration. Go to your
Sporcle Settings
to finish the process.
Report this User
Report this user for behavior that violates our
Community Guidelines
.
Details:
Send Report
Go to the Sporcle.com Mobile Site →
Comments